01132 2200193 4500001002100000005001500021035002000036245006000056100001600116250003100132300003200163260003400195082001100229084001700240020002300257650001700280520061400297500002700911INLIS00000000000008320240502015402 a0010-05240000051 aUmeir bin Wahab :bPahlawan di kala Duka /cA. Setiawan0 aA. Setiawan acetakan ke-1, edisi revisi avi, 60 hlm :bilus ;c25 cm aBandung :bTitian Ilmu,c2007 a297.63 a297.63 A. u a978-979--901-291-3 4aSahabat Nabi aUmeir tadinya adalah seorang panglima perang kafir Quraisy yang ahli strategi dan kerapkali bertugas memata-matai gerak gerik musuh. Ia pun tajam dan teliti dalam menghitung kekuatan lawan. Tapi, berkat pendekatan kepada Rasulullah untuk membebaskan anaknya dari tawanan kaum Muslimin, Umeir justru tertarik masuk Islam. Buku yang disusun ini menggambarkan bagaimana ketika ia menjadi tokoh panglima perang bangsa Quraisy yang kemudian masuk Islam dan sempat terlibat dalam Perang Badar, kepergiannya ke Mekah untuk menuntut ilmu, persahabatan dengan Shafwan bin Umaiyah yang kafir sampai Shafwan masuk Islam. aSeri Para Sahabat Nabi